| 000 | 00616nam a2200205Ia 4500 | ||
|---|---|---|---|
| 008 | 191130s1996##################000#0#eng## | ||
| 020 | _a0792397215 | ||
| 022 | _a96010920 | ||
| 040 |
_aACL _cACL |
||
| 082 | _a006.7 FUR | ||
| 245 |
_aMultimedia tools and applications _cedited by Borko Furht |
||
| 260 |
_aDordrecht ; Boston _bKluwer Academic Publishers _cc1996 |
||
| 300 | _a395 p. : ill. ; 25 cm | ||
| 500 | _aIncludes bibliographical references and index | ||
| 650 | _aMultimedia systems | ||
| 700 | _aFurht, Borivoje | ||
| 990 | _ad71bf74eac10000c0bf803a2633dc66d | ||
| 991 | _a118557 | ||
| 999 |
_c16161 _d16161 |
||